Städte in Nordrhein-Westfalen - Suddene Death - Statistiken

Allgemein
  • Dieses Quiz wurde 173 mal gespielt
  • Das Durchschnittsergebnis liegt bei 10 aus 15
Answers on the Grid
Answers color-coded by a green-red scale on the quiz's grid according to % correct below.
Siegen
Koblenz
Lippstadt
Rheine
Osnabrück
Gütersloh
Wetzlar
Hameln
Witten
Wittenberg
Arnstadt
Oldenburg
Marburg
Arnsberg
Langenhagen
Trier
Leverkusen
Mönchengladbach
Euskirchen
Mainz
Mülheim
Oberhausen
Neumünster
Offenbach
Bochum
Wismar
Unna
Bottrop
Aschaffenburg
Düren
 
Antwortstatistiken
Antwort % Korrekt
Siegen
86%
Mönchengladbach
78%
Bochum
77%
Leverkusen
77%
Gütersloh
72%
Oberhausen
70%
Lippstadt
69%
Bottrop
66%
Düren
65%
Rheine
64%
Mülheim
63%
Euskirchen
58%
Unna
58%
Witten
57%
Arnsberg
48%
Keine übereinstimmenden Quizze gefunden
Verteilung der Resultate
Anzahl Personen mit jedem Resultat
Perzentil nach korrekt beantworteten Fragen
Ihre Resultats-Entwicklung
Sie haben dieses Quiz noch nicht gespielt